01798nam a2200409 a 4500001001200000003000800012006001900020007001500039008004100054010001700095020001500112040002100127035002000148050002500168082002100193100002500214245011000239260005100349300001500400490005700415504006400472533015200536650005300688650007600741650006100817650005700878650005500935650005500990650004601045650002501091650002501116655002901141710001701170830005801187856012601245999001701371ebr10014947CaPaEBRm u cr cn|||||||||990609s2000 nyu sb 001 0 eng  z 99016898  z0521662451 aCaPaEBRcCaPaEBR a(OCoLC)5641604714aPS309.E4bH36 2000eb04a811.009/35482210 aSafe Driver A. D. I.14aThe American Puritan elegyh[electronic resource] :ba literary and cultural study /cJeffrey A. Hammond. aNew York :bCambridge University Press,c2000. axv, 264 p.1 aCambridge studies in American literature and culture aIncludes bibliographical references (p. 240-255) and index. aElectronic reproduction.bPalo Alto, Calif. :cebrary,d2013.nAvailable via World Wide Web.nAccess may be limited to ebrary affiliated libraries. 0aElegiac poetry, AmericanxHistory and criticism. 0aAmerican poetryyColonial period, ca. 1600-1775xHistory and criticism. 0aAmerican poetryxPuritan authorsxHistory and criticism. 0aAmerican poetryzNew EnglandxHistory and criticism. 0aLiterature and anthropologyzNew EnglandxHistory. 0aChristianity and literaturezNew EnglandxHistory. 0aPuritanszNew EnglandxIntellectual life. 0aDeath in literature. 0aGrief in literature. 7aElectronic books.2local2 aebrary, Inc. 0aCambridge studies in American literature and culture.40uhttp://site.ebrary.com/lib/rucke/Doc?id=10014947zAn electronic book accessible through the World Wide Web; click to view c26827d26827